000 00446nam a22001577a 4500
999 _c256758
_d256757
003 OSt
005 20180521112015.0
008 180521b xxu||||| |||| 00| 0 eng d
020 _a9780470124499
040 _cN/A
050 _aTK5105.875 .I6M97 2007
100 _aAmanda Murphy, Shane Perran
245 _aBeginning sharepoint 2007
_bbuilding team solutions with moss 2007
260 _aIndiana
_bWiley Publishing Inc
_c2007
942 _2lcc
_cBK